00643nam a2200169 a 450000100100000000500170001000800410002704000250006808200150009310000280010824500960013626000570023230000200028970000340030995201130034399900170045600003721020200930080217.0120305s1971 ag 000 0 spa d aDO-SdBNPbspacBNPHU axxxxbE23p1 aEdge, Findley B.95292313aEl pueblo de Dios. ¿Que es?, ¿Que hace? /cFindley B. Edge ; traducción Alfondo Olmedo. aArgentina, :bCasa bautista de publicaciones,c1971. a87 p. ;c18 cm.1 aOlmedo, Alfonsoetrad.949465 001050718MOaGRbGRcCTd2012-03-05iLF1l0oxxxx E23pp37210-10r2020-06-25w2020-06-25y1ZNo se presta c36700d36700